عرض عادي
عرض مارك
- Applied linguistics.
مدخل مصطلح موضوعي
001 - رقم الضبط
- حقل الضبط: 4207
003 - معرف رقم الضبط
- حقل الضبط: OSt
005 - تاريخ ووقت أخر عملية
- حقل الضبط: 20110910130920.0
008 - عناصر بيانات ثابتة الطول
- حقل تحكم ثابت الطول: 110910|||a|||||| | ||| d
040 ## - مصدر الفهرسة
- هيئة الفهرسة الأصلية: OSt
- وكالة الكتابة: OSt
150 ## - مدخل-- مصطلح تاريخي
- عنصر مدخل المصطلح الموضوعي او الاسم الجغرافي: Applied linguistics.
670 ## - بيانات المصدر موجوده
- الاستشهاد بالمصدر: Work cat.: (OSt)0: Bitchener, John. 4206, Writing an Appliable linguistics thesis or dissertation /, 2010
